15 Seconds - Santa's Reindeer - Statistics

General Stats
  • This quiz has been taken 16 times
  • The average score is 7 of 9
Answer Stats
Reindeer % Correct
Comet
100%
Cupid
93%
Donner
86%
Dasher
79%
Prancer
79%
Dancer
71%
Vixen
71%
Blitzen
64%
Rudolph
64%
No matching quizzes found
Score Distribution
Percent of People with Each Score
Percentile by Number Answered
Your Score History
You have not taken this quiz